000 00914nam a2200265 i 4500
005 20180803165407.0
008 160115s2008 ck ||||| |||| 00| 0 spa d
020 _a9789584430659
040 _aCO-BoIAVH
_cCO-BoIAVH
041 _aspa
044 _ack
082 0 4 _a658.567
_bU58g
110 2 _aMedellín
_bUniversidad Pontificia Bolivariana
245 _aGuía para el manejo integral de residuos :
_bsector pequeño comercio /
260 _aMedellín :
_bUPB:
_bArea Metropolitana del Valle de Aburrá,
_c2008
300 _a67 p.
650 1 4 _aResiduos
650 2 4 _aResiduos de papel
650 2 4 _aAlmacenamiento de residuos
650 2 4 _aAprovechamiento de residuos
650 2 4 _aIndustria del papel
650 2 4 _aIndustria de los productos de papel
710 2 _aMedellín
_bArea Metropolitana del Valle de Aburrá
942 _cLIBRO
_2ddc
999 _c6639
_d6639